Random Movie Quotes - Statistics

General Stats
  • This quiz has been taken 55 times
  • The average score is 7 of 30
Answer Stats
Quote Movie % Correct
"Theres no crying! There's no crying in baseball!" A League of Their Own
57%
"That is the ugliest f-ing skirt I've ever seen." Mean Girls
55%
"I almost fell down a well yesterday, mom" Coraline
50%
"That's America's ass." Avengers: Endgame
45%
"Bella! Where the hell have you been, loca?" Twilight: New Moon
45%
"Who's Morales?" Spiderman: Into the Spider-verse
40%
"It's no use, Jo!" Little Women
38%
"I can see your toner through those jeans!" Pitch Perfect
31%
"I have nipples, Greg. Could you milk me?" Meet the Parents
29%
"1 winner. 42 losers. I eat losers for breakfast." Cars
26%
"That's a bold move, Cotton." Dodgeball
26%
"WHAT is General Grant doing on the thermostat?!?" Diary of a Wimpy Kid: Rodrick Rules
24%
"When my eyes are closed, I see you for what you truly are! Which is ooo-glay!" She's the Man
24%
"Your mother would have wanted you to have it. It's half of her breastplate." How to Train Your Dragon
21%
"Yeah, I killed Fran, but I guess I didn't." Knives Out
21%
"You're supposed to be my lab partner." The Fantastic Mr. Fox
21%
"Sorry! My Prada's at the cleaners! Along with my hoodie and my fuck-you-flip-flops, you pretentious douchebag." The Social Network
21%
"Get him a body bag!" The Karate Kid
19%
"Rock stars have kidnapped my son!" Almost Famous
17%
"It's like trying to catch smoke...like trying to catch smoke with your bare hands." Harry Potter and the Prisoner of Azkaban
17%
"I am going to eat your soul... and SHIT IT OUT, Lesnicky!" Jennifer's Body
17%
"Bread makes you fat?" Scott Pilgrim vs. the World
17%
"Juvie was insane. Once, a girl tried to kill me with rat poison, so I took her outside and I punched her 'til she died." Bottoms
14%
"This is your song as well, Farleigh, come finish it." Saltburn
14%
"This is not the way to my fucking house, Kurt!" Spree
14%
"I don't have boobs, these are pectorals." ParaNorman
10%
"Of course it's dark. It's a suicide note." The Royal Tenenbaums
10%
"I myself, was once a gay." But I'm a Cheerleader
5%
"The world's first unmanned flying desk set." Dead Poets Society
5%
"I'm into dating women with mental health right now." The Watermelon Woman
2%
No matching quizzes found
Score Distribution
Percent of People with Each Score
Percentile by Number Answered
Your Score History
You have not taken this quiz